Statistics for Georgia the country or Georgia USA?

Click here to take the quiz!

General Stats

  • This quiz has been taken 71 times
  • The average score is 7 of 12

Answer Stats

QuestionAnswer% Correct
Higher populationGeorgia USA
86%
Site of the deepest known cave on EarthGeorgia the country
82%
Used to be a kingdomGeorgia the country
79%
Has hosted the Olympic GamesGeorgia USA
77%
Has a long-established wine industryGeorgia the country
74%
Highest peakGeorgia the country
72%
Greater land areaGeorgia USA
68%
Greater proportion of ChristiansGeorgia the country
58%
Cars drive on the rightboth
54%
Site of the world's largest bas-relief sculptureGeorgia USA
46%
Home of the University of Georgiaboth
19%
Childhood home of painter Mark Rothkoneither
11%

Score Distribution

Percentile by Number Answered

Percent of People with Each Score

Your Score History

You have not taken this quiz